000
00184nam a2200073Ia 4500
008
170524s9999 xx 000 0 und d
100
_a
SHRI NARAYAN
245
0
_a
ROCHAK ATEHASHIK KAHANIYA
260
_b
PRAKASHAN- VIBHAG
999
_c
9256
_d
9256